[Event "Warsaw Maciei Memorial"]
[Site "Warsaw"]
[Date "2023.07.10"]
[Round "2"]
[White "Marcinczyk, Monika"]
[Black "Nasuta, Grzegorz"]
[Result "0-1"]
[WhiteElo "1983"]
[BlackElo "2552"]
[PlyCount "43"]
[EventDate "2023.07.10"]
[EventType "swiss (blitz)"]
[EventRounds "11"]
[EventCountry "POL"]
[SourceTitle "CBM 215 Extra"]
[Source "ChessBase"]
[SourceDate "2023.09.30"]
[SourceVersion "1"]
[SourceVersionDate "2023.09.30"]
[SourceQuality "1"]

1. b3 d5 2. Bb2 Bf5 3. Nf3 e6 4. g3 Nf6 5. Bg2 h6 6. 0-0 Be7 7. d3 0-0 8. Nbd2 c6 9. Re1 Bh7 10. e4 a5 11. a4 Na6 12. e5 Nd7 13. Nd4 Nb4 14. Kh1 Qc7 15. f4 b5 16. N2f3 bxa4 17. Rxa4 Nb6 18. Ra1 c5 19. Ne2 c4 20. Ned4 cxd3 21. cxd3 Nxd3 22. Re2 0-1

[Event "Wch U18 Girls"]
[Site "Mamaia"]
[Date "2022.09.16"]
[Round "11"]
[White "Marcinczyk, Monika"]
[Black "Rakshitta, Ravi"]
[Result "0-1"]
[WhiteElo "1934"]
[BlackElo "2238"]
[PlyCount "74"]
[EventDate "2022.09.06"]
[EventType "swiss"]
[EventRounds "11"]
[EventCountry "ROU"]
[SourceTitle "CBM 210 Extra"]
[Source "ChessBase"]
[SourceDate "2022.11.30"]
[SourceVersion "1"]
[SourceVersionDate "2022.11.30"]
[SourceQuality "1"]

1. e4 e5 2. Nf3 Nc6 3. Bb5 Nge7 4. d4 exd4 5. Nxd4 g6 6. Be3 Bg7 7. Nc3 0-0 8. Qd2 a6 9. Nxc6 bxc6 10. Ba4 d6 11. Bh6 Be6 12. h4 Bxh6 13. Qxh6 f6 14. 0-0-0 Kh8 15. Ne2 Qe8 16. Qe3 Rb8 17. h5 g5 18. Nd4 Bd7 19. Bb3 c5 20. Ne2 Bb5 21. c3 Ba4 22. Bxa4 Qxa4 23. Kb1 Nc6 24. Nc1 Na5 25. Qe2 Nc4 26. b3 Ne5 27. Kc2 Qa3 28. Rd5 c4 29. Kd1 a5 30. f4 gxf4 31. Rf1 a4 32. b4 Qxc3 33. b5 c6 34. bxc6 Rb2 35. Rd2 Nd3 36. Rc2 Rxc2 37. Qxc2 Nb2+ 0-1

[Event "Wch U18 Girls"]
[Site "Mamaia"]
[Date "2022.09.06"]
[Round "1"]
[White "Mungunzul, Bat Erdene"]
[Black "Marcinczyk, Monika"]
[Result "1-0"]
[WhiteElo "2316"]
[BlackElo "1934"]
[PlyCount "53"]
[EventDate "2022.09.06"]
[EventType "swiss"]
[EventRounds "11"]
[EventCountry "ROU"]
[SourceTitle "CBM 210 Extra"]
[Source "ChessBase"]
[SourceDate "2022.11.30"]
[SourceVersion "1"]
[SourceVersionDate "2022.11.30"]
[SourceQuality "1"]

1. d4 Nf6 2. c4 e6 3. Nc3 Bb4 4. Qc2 b6 5. e4 c5 6. d5 Qe7 7. Be2 d6 8. Bd2 exd5 9. exd5 0-0 10. 0-0-0 Ng4 11. Bxg4 Bxg4 12. f3 Bxc3 13. Qxc3 Bf5 14. g4 Bg6 15. h4 h5 16. gxh5 Bxh5 17. Nh3 Qe5 18. Rhg1 f6 19. Nf4 Bf7 20. Qc2 Na6 21. a3 Rae8 22. Rg4 Bh5 23. Rg3 Bf7 24. Rdg1 f5 25. Rxg7+ Qxg7 26. Rxg7+ Kxg7 27. Bc3+ 1-0

[Event "EU-ch (Women) 22nd"]
[Site "Prague"]
[Date "2022.08.28"]
[Round "8"]
[White "Marcinczyk, Monika"]
[Black "Gajcin, Marina"]
[Result "1-0"]
[WhiteElo "1934"]
[BlackElo "2244"]
[PlyCount "143"]
[EventDate "2022.08.20"]
[EventType "swiss"]
[EventRounds "11"]
[EventCountry "CZE"]
[SourceTitle "CBM 209 Extra"]
[Source "ChessBase"]
[SourceDate "2022.09.30"]
[SourceVersion "1"]
[SourceVersionDate "2022.09.30"]
[SourceQuality "1"]

1. e4 c5 2. Nf3 Nc6 3. d4 cxd4 4. Nxd4 Nf6 5. Nc3 e5 6. Ndb5 d6 7. Nd5 Nxd5 8. exd5 Nb8 9. Be3 Be7 10. a4 a6 11. Na3 Nd7 12. Nc4 0-0 13. Be2 f5 14. f3 Bg5 15. Bf2 Qf6 16. a5 Qh6 17. 0-0 Be7 18. Bd3 f4 19. Nd2 Qh5 20. Re1 Rf6 21. c4 Rh6 22. Nf1 Nf6 23. b4 g5 24. c5 g4 25. cxd6 Bxd6 26. Bc5 Ne8 27. fxg4 Bxg4 28. Be2 Rg6 29. Bxg4 Rxg4 30. Qf3 Rg5 31. Nd2 Rd8 32. Rad1 Nf6 33. Qxh5 Rxh5 34. Ne4 Nxe4 35. Rxe4 Kf7 36. g3 fxg3 37. hxg3 Ke7 38. Kg2 Rg8 39. Rde1 Kd7 40. Rf1 Rg7 41. Rf6 Bxc5 42. bxc5 Rhg5 43. Re3 e4 44. Rb3 Kc7 45. c6 bxc6 46. Rxc6+ Kd8 47. Rb8+ Kd7 48. Rb7+ Kd8 49. Rxg7 Rxg7 50. Rxa6 Rg5 51. Rd6+ Kc7 52. Rc6+ Kb7 53. a6+ Ka7 54. d6 h5 55. Kf2 e3+ 56. Kf3 Re5 57. Ke2 Re4 58. d7 Rd4 59. Kxe3 Rxd7 60. Kf4 Rd4+ 61. Kf5 Rg4 62. Rg6 Ra4 63. Kg5 Ra5+ 64. Kh4 Kb8 65. Rh6 Kc7 66. a7 Kb7 67. Rxh5 Ra4+ 68. g4 Kxa7 69. Rb5 Ka6 70. Rb1 Rc4 71. Kh5 Rc8 72. g5 1-0

[Event "EU-ch (Women) 22nd"]
[Site "Prague"]
[Date "2022.08.24"]
[Round "5"]
[White "Vega Gutierrez, Sabrina Neide"]
[Black "Marcinczyk, Monika"]
[Result "0-1"]
[WhiteElo "2366"]
[BlackElo "1934"]
[PlyCount "84"]
[EventDate "2022.08.20"]
[EventType "swiss"]
[EventRounds "11"]
[EventCountry "CZE"]
[SourceTitle "CBM 209 Extra"]
[Source "ChessBase"]
[SourceDate "2022.09.30"]
[SourceVersion "1"]
[SourceVersionDate "2022.09.30"]
[SourceQuality "1"]

1. e4 c5 2. Nf3 d6 3. d4 cxd4 4. Nxd4 Nf6 5. Nc3 a6 6. Bd3 e5 7. Nde2 Nbd7 8. Ng3 Nc5 9. 0-0 Be7 10. a4 Be6 11. Be2 d5 12. exd5 Nxd5 13. Nxd5 Bxd5 14. Nf5 Bf6 15. Be3 Ne6 16. c4 Bc6 17. Nd6+ Kf8 18. c5 a5 19. Bc4 Qd7 20. Qb3 g6 21. Rfd1 Qe7 22. Bh6+ Bg7 23. Nxf7 Kxf7 24. Bxg7 Kxg7 25. Bxe6 Qxc5 26. Rac1 Qb4 27. Qe3 Qf4 28. Qb6 Rhf8 29. Rc4 Qg5 30. g3 Rad8 31. Qc7+ Kh8 32. Rxd8 Rxd8 33. Rxc6 bxc6 34. Qxa5 Rf8 35. Qc5 Qf6 36. b3 Rd8 37. Qxc6 Rd1+ 38. Kg2 Rd2 39. Qc5 Qxe6 40. Qf8+ Qg8 41. Qf6+ Qg7 42. Qe6 Qb7+ 0-1

[Event "EU-ch (Women) 22nd"]
[Site "Prague"]
[Date "2022.08.22"]
[Round "3"]
[White "Marcinczyk, Monika"]
[Black "Calzetta Ruiz, Monica"]
[Result "0-1"]
[WhiteElo "1934"]
[BlackElo "2230"]
[PlyCount "138"]
[EventDate "2022.08.20"]
[EventType "swiss"]
[EventRounds "11"]
[EventCountry "CZE"]
[SourceTitle "CBM 209 Extra"]
[Source "ChessBase"]
[SourceDate "2022.09.30"]
[SourceVersion "1"]
[SourceVersionDate "2022.09.30"]
[SourceQuality "1"]

1. e4 c5 2. Nf3 Nc6 3. d4 cxd4 4. Nxd4 Nf6 5. Nc3 d6 6. Bg5 g6 7. Bxf6 exf6 8. Bb5 Bd7 9. Qd3 Bg7 10. 0-0-0 0-0 11. Nxc6 bxc6 12. Qxd6 cxb5 13. Qxd7 Qb6 14. f3 f5 15. Nd5 Qa5 16. Kb1 fxe4 17. fxe4 Rae8 18. Rhe1 Qa4 19. Qb7 Kh8 20. b3 Qa3 21. c3 Rb8 22. Qd7 b4 23. Qe7 Rfe8 24. Qc5 a5 25. Rd3 a4 26. Nxb4 axb3 27. Re2 Bh6 28. Qd4+ Kg8 29. Rd1 Bg7 30. e5 bxa2+ 31. Rxa2 Qb3+ 32. Rb2 Qe6 33. Qd5 Qf5+ 34. Nd3 Bxe5 35. Rxb8 Rxb8+ 36. Kc1 Bf4+ 37. Nxf4 Qxf4+ 38. Qd2 Qxh2 39. Qd6 Qh6+ 40. Kc2 Re8 41. Rd2 Qe3 42. c4 h5 43. Qf6 Qa3 44. Qb2 Qa7 45. Qb5 Rb8 46. Qd5 Qa2+ 47. Kd3 Qb1+ 48. Kd4 Qg1+ 49. Kc3 Qc1+ 50. Kd3 Qb1+ 51. Kd4 Re8 52. c5 Qc1 53. Rd3 Qb2+ 54. Kc4 Rb8 55. Rc3 Qa2+ 56. Kd4 Qf2+ 57. Kc4 Qa2+ 58. Kd4 Rb4+ 59. Ke5 Qe2+ 60. Kd6 Rb8 61. Kc7 Qe8 62. c6 Qc8+ 63. Kd6 Qd8+ 64. Ke5 Qe7+ 65. Kd4 Rd8 66. c7 Rxd5+ 67. Kxd5 Qd7+ 68. Ke4 f5+ 69. Ke3 Qc8 0-1

[Event "Warsaw Maciei Memorial"]
[Site "Warsaw"]
[Date "2022.07.08"]
[Round "2"]
[White "Marcinczyk, Monika"]
[Black "Koziorowicz, Michal"]
[Result "0-1"]
[WhiteElo "1991"]
[BlackElo "2231"]
[PlyCount "42"]
[EventDate "2022.07.08"]
[EventType "swiss (blitz)"]
[EventRounds "11"]
[EventCountry "POL"]
[SourceTitle "CBM 209 Extra"]
[Source "ChessBase"]
[SourceDate "2022.09.30"]
[SourceVersion "1"]
[SourceVersionDate "2022.09.30"]
[SourceQuality "1"]

1. e4 c5 2. Nf3 d6 3. Bb5+ Bd7 4. Bxd7+ Qxd7 5. c4 e5 6. 0-0 Nc6 7. Nc3 g6 8. d3 Bg7 9. Nd5 Nge7 10. a3 0-0 11. Ne1 f5 12. f4 Rae8 13. Nc2 exf4 14. Bxf4 Bxb2 15. Rb1 Bg7 16. exf5 Nxf5 17. Nce3 Nxe3 18. Bxe3 Ne7 19. Nxe7+ Qxe7 20. Re1 b6 21. Qg4 Bd4 0-1

[Event "Titled Tuesday intern op 31st May Early"]
[Site "Chess.com INT"]
[Date "2022.05.31"]
[Round "7"]
[White "Balint, Vilmos"]
[Black "Marcinczyk, Monika"]
[Result "0-1"]
[WhiteElo "2283"]
[BlackElo "1991"]
[PlyCount "32"]
[EventDate "2022.05.31"]
[EventType "swiss (blitz)"]
[EventRounds "11"]
[EventCountry "USA"]
[SourceTitle "CBM 208 Extra"]
[Source "ChessBase"]
[SourceDate "2022.07.31"]
[SourceVersion "1"]
[SourceVersionDate "2022.07.31"]
[SourceQuality "1"]

1. e4 b6 2. d4 Bb7 3. Bd3 g6 4. Qe2 Bg7 5. Nc3 Bxd4 6. Nf3 Bg7 7. 0-0 e6 8. e5 Ne7 9. Bg5 0-0 10. Bf6 d6 11. Bxg7 Kxg7 12. Rad1 Nd7 13. exd6 cxd6 14. Ng5 Nf5 15. Bxf5 Qxg5 16. Rxd6 Qxg2# 0-1

[Event "Titled Tuesday intern op 31st May Early"]
[Site "Chess.com INT"]
[Date "2022.05.31"]
[Round "9"]
[White "Marcinczyk, Monika"]
[Black "Khamdamova, Afruza"]
[Result "0-1"]
[WhiteElo "1991"]
[BlackElo "1874"]
[PlyCount "54"]
[EventDate "2022.05.31"]
[EventType "swiss (blitz)"]
[EventRounds "11"]
[EventCountry "USA"]
[SourceTitle "CBM 208 Extra"]
[Source "ChessBase"]
[SourceDate "2022.07.31"]
[SourceVersion "1"]
[SourceVersionDate "2022.07.31"]
[SourceQuality "1"]

1. g3 d5 2. Bg2 Nf6 3. d3 g6 4. e3 Bg7 5. Ne2 0-0 6. 0-0 c5 7. c4 Nc6 8. Nbc3 Be6 9. cxd5 Nxd5 10. Qc2 Ndb4 11. Qa4 Nxd3 12. Rd1 c4 13. b3 Qa5 14. Qxa5 Nxa5 15. bxc4 Bxc4 16. Rb1 Nxc1 17. Rbxc1 Rac8 18. Nd4 e5 19. Ndb5 Be6 20. Nd6 Rc7 21. Ncb5 Rxc1 22. Rxc1 a6 23. Nc3 b5 24. Nd5 Rd8 25. Ne7+ Kf8 26. Nec8 Kg8 27. Rc7 Bf8 0-1

[Event "Titled Tuesday intern op 31st May Early"]
[Site "Chess.com INT"]
[Date "2022.05.31"]
[Round "6"]
[White "Marcinczyk, Monika"]
[Black "Shohat, Yotam"]
[Result "0-1"]
[WhiteElo "1991"]
[BlackElo "2331"]
[PlyCount "42"]
[EventDate "2022.05.31"]
[EventType "swiss (blitz)"]
[EventRounds "11"]
[EventCountry "USA"]
[SourceTitle "CBM 208 Extra"]
[Source "ChessBase"]
[SourceDate "2022.07.31"]
[SourceVersion "1"]
[SourceVersionDate "2022.07.31"]
[SourceQuality "1"]

1. g3 e5 2. b3 d5 3. Bg2 Nc6 4. Bb2 f5 5. d3 Nf6 6. Nd2 Bd6 7. e3 0-0 8. Ne2 e4 9. d4 Ne7 10. c4 c6 11. 0-0 Be6 12. c5 Bc7 13. b4 g5 14. a4 Ng6 15. b5 f4 16. gxf4 gxf4 17. exf4 Nh5 18. Qb3 Ngxf4 19. Nxf4 Nxf4 20. Nxe4 dxe4 21. Qg3+ Ng6 0-1

[Event "Wch U18 Girls blitz"]
[Site "Rhodes"]
[Date "2022.05.03"]
[Round "8"]
[White "Nurgali, Nazerke"]
[Black "Marcinczyk, Monika"]
[Result "1-0"]
[WhiteElo "2016"]
[BlackElo "1738"]
[PlyCount "41"]
[EventDate "2022.05.03"]
[EventType "swiss (blitz)"]
[EventRounds "9"]
[EventCountry "GRE"]
[SourceTitle "CBM 208 Extra"]
[Source "ChessBase"]
[SourceDate "2022.07.31"]
[SourceVersion "1"]
[SourceVersionDate "2022.07.31"]
[SourceQuality "1"]

1. d4 Nf6 2. c4 e6 3. g3 c5 4. d5 exd5 5. cxd5 d6 6. Nc3 g6 7. Bg2 Bg7 8. Nf3 0-0 9. 0-0 Re8 10. Bf4 a6 11. a4 Ne4 12. Nxe4 Rxe4 13. Nd2 Rb4 14. Ne4 Bxb2 15. Rb1 Be5 16. Bxe5 dxe5 17. Nxc5 Rd4 18. Qb3 Qe7 19. Nxb7 e4 20. Na5 Bd7 21. Qb7 1-0

[Event "Titled Tuesday intern op 12th Apr Early"]
[Site "Chess.com INT"]
[Date "2022.04.12"]
[Round "2"]
[White "Bettalli, Francesco"]
[Black "Marcinczyk, Monika"]
[Result "1-0"]
[WhiteElo "2287"]
[BlackElo "1967"]
[PlyCount "113"]
[EventDate "2022.04.12"]
[EventType "swiss (blitz)"]
[EventRounds "11"]
[EventCountry "USA"]
[SourceTitle "CBM 207 Extra"]
[Source "ChessBase"]
[SourceDate "2022.05.31"]
[SourceVersion "1"]
[SourceVersionDate "2022.05.31"]
[SourceQuality "1"]

1. d4 d5 2. Nc3 Nf6 3. Bf4 e6 4. Nb5 Bb4+ 5. c3 Ba5 6. e3 0-0 7. Nf3 a6 8. Na3 Nbd7 9. Bd3 Re8 10. 0-0 c5 11. dxc5 Nxc5 12. Bc2 Bc7 13. Be5 Nfe4 14. Qd4 Bxe5 15. Nxe5 f6 16. Nd3 e5 17. Qb4 Qc7 18. Nxc5 Nxc5 19. Qh4 f5 20. Rad1 Be6 21. Bb3 Rad8 22. Nc2 Nxb3 23. axb3 d4 24. exd4 Bxb3 25. Rc1 Bxc2 26. Rxc2 exd4 27. c4 d3 28. Rd2 Re4 29. Qg5 Qd7 30. b3 Re2 31. Rfd1 Qe7 32. Qxe7 Rxe7 33. f3 Re3 34. Kf2 f4 35. g3 g5 36. gxf4 gxf4 37. Rg1+ Kf7 38. Rg4 Rd4 39. Rxf4+ Rxf4 40. Kxe3 Rh4 41. Kxd3 Ke6 42. Ke3 b5 43. c5 Rb4 44. Rd6+ Ke7 45. Rxa6 Rxb3+ 46. Ke4 Rc3 47. Kd5 Rd3+ 48. Kc6 b4 49. Ra7+ Ke6 50. Rxh7 b3 51. f4 b2 52. Rb7 Rd2 53. h4 Kf5 54. Rb4 Kg4 55. Kb7 Rc2 56. c6 Kxh4 57. c7 1-0

[Event "POL-ch U18 Girls"]
[Site "Sypniewo"]
[Date "2022.03.21"]
[Round "3"]
[White "Kudlak, Julia"]
[Black "Marcinczyk, Monika"]
[Result "0-1"]
[WhiteElo "1579"]
[BlackElo "1865"]
[PlyCount "74"]
[EventDate "2022.03.19"]
[EventType "swiss"]
[EventRounds "9"]
[EventCountry "POL"]
[SourceTitle "CBM 207 Extra"]
[Source "ChessBase"]
[SourceDate "2022.05.31"]
[SourceVersion "1"]
[SourceVersionDate "2022.05.31"]
[SourceQuality "1"]

1. e4 c5 2. Nf3 d6 3. c3 Nf6 4. Be2 Nc6 5. d4 cxd4 6. cxd4 Nxe4 7. d5 Qa5+ 8. Nc3 Nxc3 9. bxc3 Ne5 10. Nxe5 dxe5 11. 0-0 e6 12. Qb3 Bd6 13. Bb5+ Ke7 14. Rd1 a6 15. Be2 Rd8 16. a4 exd5 17. Rxd5 Be6 18. Qxb7+ Qc7 19. Qxc7+ Bxc7 20. Ba3+ Kf6 21. Rxd8 Bxd8 22. c4 Be7 23. Bf3 Rb8 24. Bxe7+ Kxe7 25. c5 Rb4 26. g3 Kd7 27. a5 Kc7 28. Kg2 e4 29. Bd1 Kc6 30. Rc1 Bc4 31. Bc2 f5 32. g4 g6 33. gxf5 gxf5 34. f3 Bd3 35. fxe4 Rb2 36. exf5 Bxf5 37. Kg3 Rxc2 0-1

[Event "Titled Tuesday intern op 08th Mar Early"]
[Site "Chess.com INT"]
[Date "2022.03.08"]
[Round "3"]
[White "Nozdrachev, Leonid"]
[Black "Marcinczyk, Monika"]
[Result "1-0"]
[WhiteElo "2370"]
[BlackElo "1865"]
[PlyCount "113"]
[EventDate "2022.03.08"]
[EventType "swiss (blitz)"]
[EventRounds "11"]
[EventCountry "USA"]
[SourceTitle "CBM 207 Extra"]
[Source "ChessBase"]
[SourceDate "2022.05.31"]
[SourceVersion "1"]
[SourceVersionDate "2022.05.31"]
[SourceQuality "1"]

1. e4 e5 2. Nf3 Nc6 3. Bc4 Bc5 4. c3 Nf6 5. d4 exd4 6. e5 d5 7. Bb5 Ne4 8. cxd4 Bb4+ 9. Bd2 Nxd2 10. Nbxd2 0-0 11. 0-0 Bd7 12. Bd3 f6 13. a3 Ba5 14. Nb3 Bb6 15. Qc2 f5 16. Rae1 Qe7 17. Nc5 Nxd4 18. Nxd4 Bxc5 19. Nxf5 Bxf5 20. Bxf5 g6 21. Be6+ Qxe6 22. Qxc5 c6 23. b4 Rf5 24. f4 Raf8 25. Qxa7 R8f7 26. Qb8+ Kg7 27. a4 Qe7 28. e6 Rf8 29. Qa7 Rxf4 30. Rxf4 Rxf4 31. b5 Kf6 32. Qb8 Re4 33. Rxe4 dxe4 34. Qf4+ Kxe6 35. Qxe4+ Kd7 36. bxc6+ bxc6 37. Qd4+ Kc7 38. Qa7+ Kd6 39. Qd4+ Kc7 40. Kf2 Qf7+ 41. Ke3 Qe6+ 42. Qe4 Qxe4+ 43. Kxe4 Kb6 44. Kd4 Ka5 45. Kc5 Kxa4 46. Kxc6 Kb4 47. Kd5 Kc3 48. Ke6 Kd4 49. Kf6 Ke3 50. Kg7 Kf2 51. g4 Kf3 52. g5 Kg4 53. Kh6 Kh4 54. h3 Kxh3 55. Kxh7 Kh4 56. Kxg6 Kg4 57. Kf6 1-0

[Event "Titled Tuesday intern op 08th Mar Early"]
[Site "Chess.com INT"]
[Date "2022.03.08"]
[Round "4"]
[White "Omariev, Maksim"]
[Black "Marcinczyk, Monika"]
[Result "1-0"]
[WhiteElo "2304"]
[BlackElo "1865"]
[PlyCount "43"]
[EventDate "2022.03.08"]
[EventType "swiss (blitz)"]
[EventRounds "11"]
[EventCountry "USA"]
[SourceTitle "CBM 207 Extra"]
[Source "ChessBase"]
[SourceDate "2022.05.31"]
[SourceVersion "1"]
[SourceVersionDate "2022.05.31"]
[SourceQuality "1"]

1. g4 d5 2. Bg2 e5 3. d4 e4 4. g5 Be7 5. h4 h6 6. f4 hxg5 7. hxg5 Rxh1 8. Bxh1 Bg4 9. c4 c6 10. Nc3 Na6 11. Qb3 dxc4 12. Qxc4 Be6 13. Qa4 Bb4 14. e3 Bxc3+ 15. bxc3 Qd5 16. Ne2 Ne7 17. Ng3 Bf5 18. Ba3 g6 19. c4 Qe6 20. Rb1 0-0-0 21. Qc2 Nc7 22. Kf2 1-0

[Event "Titled Tuesday intern op 08th Mar Early"]
[Site "Chess.com INT"]
[Date "2022.03.08"]
[Round "7"]
[White "Petrova, Irina"]
[Black "Marcinczyk, Monika"]
[Result "1-0"]
[WhiteElo "2127"]
[BlackElo "1865"]
[PlyCount "33"]
[EventDate "2022.03.08"]
[EventType "swiss (blitz)"]
[EventRounds "11"]
[EventCountry "USA"]
[SourceTitle "CBM 207 Extra"]
[Source "ChessBase"]
[SourceDate "2022.05.31"]
[SourceVersion "1"]
[SourceVersionDate "2022.05.31"]
[SourceQuality "1"]

1. e4 e5 2. Nf3 Nc6 3. Bb5 a6 4. Ba4 Nf6 5. d3 b5 6. Bb3 Bc5 7. Nc3 d6 8. Nd5 h6 9. c3 Rb8 10. h3 Nxd5 11. Bxd5 Ne7 12. Bb3 0-0 13. g4 Ng6 14. g5 h5 15. Nh2 Bxh3 16. Qxh5 Be6 17. Ng4 1-0

[Event "Titled Tuesday intern op 08th Mar Early"]
[Site "Chess.com INT"]
[Date "2022.03.08"]
[Round "8"]
[White "Sahil, Tickoo"]
[Black "Marcinczyk, Monika"]
[Result "1-0"]
[WhiteElo "2201"]
[BlackElo "1865"]
[PlyCount "53"]
[EventDate "2022.03.08"]
[EventType "swiss (blitz)"]
[EventRounds "11"]
[EventCountry "USA"]
[SourceTitle "CBM 207 Extra"]
[Source "ChessBase"]
[SourceDate "2022.05.31"]
[SourceVersion "1"]
[SourceVersionDate "2022.05.31"]
[SourceQuality "1"]

1. d4 d5 2. Bf4 Nf6 3. e3 Bf5 4. c4 e6 5. Nc3 Be7 6. Qb3 b6 7. cxd5 exd5 8. Bb5+ c6 9. Bxb8 cxb5 10. Bg3 a6 11. Nf3 0-0 12. 0-0 Rc8 13. Rfe1 h6 14. Bh4 Be6 15. Ne5 Ne4 16. Bxe7 Qxe7 17. Rac1 Nxc3 18. Rxc3 b4 19. Rxc8 Rxc8 20. h3 a5 21. a3 bxa3 22. bxa3 Qd6 23. Rb1 Bf5 24. Qxb6 Qxa3 25. Rf1 Qb4 26. Qa7 Be6 27. Ra1 1-0

[Event "Titled Tuesday intern op 22nd Feb Early"]
[Site "Chess.com INT"]
[Date "2022.02.22"]
[Round "1"]
[White "Marcinczyk, Monika"]
[Black "Eynullayev, Atilla Elshan"]
[Result "0-1"]
[WhiteElo "1910"]
[BlackElo "2324"]
[PlyCount "46"]
[EventDate "2022.02.22"]
[EventType "swiss (blitz)"]
[EventRounds "11"]
[EventCountry "USA"]
[SourceTitle "CBM 207 Extra"]
[Source "ChessBase"]
[SourceDate "2022.05.31"]
[SourceVersion "1"]
[SourceVersionDate "2022.05.31"]
[SourceQuality "1"]

1. e4 c5 2. Nc3 e6 3. g3 d5 4. exd5 exd5 5. Bg2 d4 6. Nd5 Nc6 7. d3 Be6 8. Nf4 Bd7 9. Nge2 Nf6 10. 0-0 Bd6 11. c3 0-0 12. Qb3 Rb8 13. Nd5 Nxd5 14. Bxd5 Bh3 15. Re1 Na5 16. Qc2 Bxg3 17. hxg3 Qxd5 18. Nf4 Qd7 19. cxd4 Nc6 20. Qxc5 Nxd4 21. Re3 Rbc8 22. Qe7 Nc2 23. Bd2 Nxa1 0-1

[Event "Titled Tuesday intern op 22nd Feb Early"]
[Site "Chess.com INT"]
[Date "2022.02.22"]
[Round "7"]
[White "Marcinczyk, Monika"]
[Black "Mirzanurov, Bulat"]
[Result "0-1"]
[WhiteElo "1910"]
[BlackElo "2199"]
[PlyCount "74"]
[EventDate "2022.02.22"]
[EventType "swiss (blitz)"]
[EventRounds "11"]
[EventCountry "USA"]
[SourceTitle "CBM 207 Extra"]
[Source "ChessBase"]
[SourceDate "2022.05.31"]
[SourceVersion "1"]
[SourceVersionDate "2022.05.31"]
[SourceQuality "1"]

1. e4 c5 2. Nf3 d6 3. d4 cxd4 4. Nxd4 Nf6 5. Nc3 a6 6. Be2 e5 7. Nb3 Be7 8. Be3 0-0 9. 0-0 Nbd7 10. h3 b5 11. a4 b4 12. Nd5 Nxd5 13. Qxd5 Rb8 14. a5 Bb7 15. Qd3 Nf6 16. Bf3 Re8 17. Rfd1 Bc6 18. Bb6 Qd7 19. Qc4 Bb5 20. Qxb4 d5 21. Qe1 d4 22. c3 d3 23. Nc1 Bd8 24. Nxd3 Bxd3 25. Be2 Bxb6 26. Rxd3 Bxf2+ 27. Qxf2 Qc6 28. Bf3 Nxe4 29. Qh4 f5 30. Bxe4 fxe4 31. Rd2 e3 32. Re2 Re6 33. Rf1 Ree8 34. Qg5 h6 35. Qxe3 e4 36. Qf4 Qc4 37. Ref2 Rf8 0-1

[Event "Titled Tuesday intern op 15th Feb Early"]
[Site "Chess.com INT"]
[Date "2022.02.15"]
[Round "4"]
[White "Gulatz, Maurice"]
[Black "Marcinczyk, Monika"]
[Result "1-0"]
[WhiteElo "2213"]
[BlackElo "1910"]
[PlyCount "97"]
[EventDate "2022.02.15"]
[EventType "swiss (blitz)"]
[EventRounds "11"]
[EventCountry "USA"]
[SourceTitle "CBM 206 Extra"]
[Source "ChessBase"]
[SourceDate "2022.03.31"]
[SourceVersion "1"]
[SourceVersionDate "2022.03.31"]
[SourceQuality "1"]

1. d4 d5 2. c4 e6 3. Nf3 Nf6 4. g3 Be7 5. Bg2 0-0 6. 0-0 b6 7. cxd5 exd5 8. Nc3 Bb7 9. Bf4 c5 10. Rc1 Nc6 11. dxc5 bxc5 12. Ne5 Nxe5 13. Bxe5 Nd7 14. Bf4 Nb6 15. Qb3 Qd7 16. Rfd1 d4 17. Bxb7 Qxb7 18. Na4 Rac8 19. Qb5 Qc6 20. Qxc6 Rxc6 21. Nxb6 Rxb6 22. b3 a5 23. Rc4 f6 24. e3 g5 25. Bc7 Rb7 26. Bxa5 Ra8 27. Bd2 Rxa2 28. exd4 cxd4 29. b4 Rb2 30. Rxd4 Bxb4 31. Rd8+ Kg7 32. Be3 Bc3 33. Kg2 Be5 34. R8d7+ Rxd7 35. Rxd7+ Kg6 36. h4 h6 37. Kf3 h5 38. hxg5 fxg5 39. Ke4 Bf6 40. Rd6 Rb4+ 41. Kf3 Rb3 42. Ra6 Rc3 43. Ke4 Rc4+ 44. Kd5 Rb4 45. Rc6 Rb5+ 46. Kc4 Rf5 47. Kd3 h4 48. g4 Rf3 49. Ke4 1-0

[Event "Titled Tuesday intern op 15th Feb Early"]
[Site "Chess.com INT"]
[Date "2022.02.15"]
[Round "3"]
[White "Marcinczyk, Monika"]
[Black "Subelj, Jan"]
[Result "0-1"]
[WhiteElo "1910"]
[BlackElo "2468"]
[PlyCount "94"]
[EventDate "2022.02.15"]
[EventType "swiss (blitz)"]
[EventRounds "11"]
[EventCountry "USA"]
[SourceTitle "CBM 206 Extra"]
[Source "ChessBase"]
[SourceDate "2022.03.31"]
[SourceVersion "1"]
[SourceVersionDate "2022.03.31"]
[SourceQuality "1"]

1. e4 e5 2. Nf3 d6 3. d4 Nd7 4. dxe5 Nxe5 5. Nxe5 dxe5 6. Qxd8+ Kxd8 7. Bc4 f6 8. 0-0 Bd6 9. Be3 Ke7 10. Nc3 c6 11. Rad1 Be6 12. Bxe6 Kxe6 13. Ne2 Ne7 14. f4 exf4 15. Nxf4+ Bxf4 16. Bxf4 Rad8 17. Kf2 Ng6 18. Be3 b6 19. Rd3 Ne5 20. Rxd8 Rxd8 21. Ke2 c5 22. b3 g5 23. Rf5 Ng4 24. Bg1 Ne5 25. h4 h6 26. hxg5 fxg5 27. Bh2 Nc6 28. Ke3 Nd4 29. Rf2 Rd7 30. c4 Rf7 31. Rxf7 Kxf7 32. e5 Ke6 33. Ke4 h5 34. Bg1 Nf5 35. Bf2 h4 36. Be1 g4 37. Kf4 h3 38. gxh3 gxh3 39. Bg3 Nxg3 40. Kxg3 Kxe5 41. Kxh3 Kd4 42. Kg4 Kc3 43. Kf5 Kb2 44. Ke5 Kxa2 45. Kd5 Kxb3 46. Kc6 Kxc4 47. Kb7 a5 0-1